[Event "SVK-ch U12 rapid"]
[Site "Poprad"]
[Date "2025.05.03"]
[Round "6"]
[White "Ostrozlik, Filip"]
[Black "Kucak, Filip"]
[Result "1-0"]
[WhiteElo "1580"]
[BlackElo "1553"]
[PlyCount "47"]
[EventDate "2025.05.03"]
[EventType "swiss (rapid)"]
[EventRounds "7"]
[EventCountry "SVK"]
[SourceTitle "CB19_2025"]
[SourceDate "2025.05.07"]
[SourceVersion "1"]
[SourceVersionDate "2025.05.07"]
[SourceQuality "1"]

1. e4 e5 2. Nf3 Nc6 3. Bc4 Bc5 4. c3 Nf6 5. d3 d6 6. 0-0 0-0 7. Bg5 h6 8. Bh4 Bg4 9. Nbd2 Na5 10. Bd5 c6 11. Bb3 Nxb3 12. Qxb3 b6 13. d4 exd4 14. cxd4 Be6 15. Qc3 Bxd4 16. Qxd4 c5 17. Qc3 d5 18. e5 d4 19. Qd3 g5 20. Nxg5 hxg5 21. Bxg5 Qd7 22. Bxf6 Rfd8 23. Qg3+ Bg4 24. Qh4 1-0

[Event "SVK-ch U12"]
[Site "Tatralandia"]
[Date "2024.04.11"]
[Round "8"]
[White "Halada, Lubos"]
[Black "Kucak, Filip"]
[Result "1-0"]
[WhiteElo "1481"]
[BlackElo "1000"]
[PlyCount "79"]
[EventDate "2024.04.05"]
[EventType "swiss"]
[EventRounds "9"]
[EventCountry "SVK"]
[SourceTitle "CBM 219 Extra"]
[Source "ChessBase"]
[SourceDate "2024.05.31"]
[SourceVersion "1"]
[SourceVersionDate "2024.05.31"]
[SourceQuality "1"]

1. d4 d5 2. Bf4 Bf5 3. e3 e6 4. Nf3 Nc6 5. Bb5 Nge7 6. Ne5 a6 7. Bxc6+ Nxc6 8. Nxc6 bxc6 9. Nd2 Rb8 10. Qc1 c5 11. c3 Rb7 12. 0-0 Be7 13. Nf3 Bd6 14. Bg3 c4 15. Re1 Bd3 16. Qd2 Be4 17. Ne5 Bxe5 18. Bxe5 f6 19. f3 fxe5 20. fxe4 0-0 21. exd5 Qd6 22. dxe6 Qxe6 23. Rab1 c6 24. dxe5 Qxe5 25. Qd4 Qf5 26. Qxc4+ Kh8 27. Rf1 Qc8 28. Rxf8+ Qxf8 29. Qf4 Rf7 30. Qc4 Qe8 31. Qc5 Kg8 32. Rf1 Rxf1+ 33. Kxf1 Qf7+ 34. Ke2 Qxa2 35. Qb4 Qf7 36. Qb8+ Qf8 37. Qxf8+ Kxf8 38. Kd3 Ke7 39. Kc4 Kd6 40. e4 1-0

[Event "SVK-ch U12"]
[Site "Tatralandia"]
[Date "2024.04.05"]
[Round "1"]
[White "Bittner, Samuel"]
[Black "Kucak, Filip"]
[Result "1/2-1/2"]
[WhiteElo "1612"]
[BlackElo "1000"]
[PlyCount "58"]
[EventDate "2024.04.05"]
[EventType "swiss"]
[EventRounds "9"]
[EventCountry "SVK"]
[SourceTitle "CBM 219 Extra"]
[Source "ChessBase"]
[SourceDate "2024.05.31"]
[SourceVersion "1"]
[SourceVersionDate "2024.05.31"]
[SourceQuality "1"]

1. e4 e5 2. Nf3 Nc6 3. Nc3 Nf6 4. Bb5 d6 5. d3 Bd7 6. Bg5 Be7 7. d4 exd4 8. Nxd4 Nxd4 9. Bxd7+ Qxd7 10. Qxd4 h6 11. Bh4 c5 12. Qd3 Rc8 13. e5 dxe5 14. Qb5 Qxb5 15. Nxb5 a6 16. Bxf6 gxf6 17. Nc3 Rg8 18. g3 b5 19. Rd1 Rd8 20. Nd5 Rd7 21. Nxe7 Rxd1+ 22. Kxd1 Kxe7 23. Ke2 Rd8 24. c3 b4 25. f4 a5 26. Rc1 Rc8 27. Rd1 Rc6 28. Rd5 Ke6 29. c4 a4 1/2-1/2